| 000 | 00693aam a2200253 4500 | ||
|---|---|---|---|
| 005 | 20250729145931.0 | ||
| 008 | 150227b2001 xxu||||| |||| 00| 0 eng d | ||
| 020 | _a9968996602 | ||
| 041 | _aESP | ||
| 082 | _a362.76 R696c | ||
| 100 |
_aRodríguez Araya, Jorge _929193 |
||
| 245 | _aConstuyendo el gran puente de la esperanza | ||
| 260 | _aCosta Rica | ||
| 260 | _bDiseños Publicitarios Precisos | ||
| 260 | _c2001 | ||
| 300 | _a214 páginas | ||
| 490 | _aInvestigación Criminal | ||
| 650 | _aCOSTA RICA | ||
| 650 | _aABUSO SEXUAL INFANTIL | ||
| 650 | _aVIOLENCIA INFANTIL | ||
| 650 | _aTRABAJO SOCIAL CON NIÑOS | ||
| 650 | _aCASA HOGAR DE LA TÍA TERE | ||
| 942 |
_cBK _2ddc |
||
| 999 |
_c3452 _d3452 |
||